Online
Catalog

La tela de araña / (Record no. 36412)

MARC details
000 -CABECERA
campo de control de longitud fija 01194cam a2200253 a 4500
001 - NÚMERO DE CONTROL
campo de control 000036922
005 - FECHA Y HORA DE LA ÚLTIMA TRANSACCIÓN
campo de control 20240705073647.0
008 - DATOS DE LONGITUD FIJA--INFORMACIÓN GENERAL
campo de control de longitud fija 870925m1997 pr a s011 0 spa d
020 ## - NÚMERO INTERNACIONAL ESTÁNDAR DEL LIBRO
Número Internacional Estándar del Libro 0847736830
040 ## - FUENTE DE LA CATALOGACIÓN
Centro catalogador/agencia de origen DO-SdBNP
Lengua de catalogación spa
Centro/agencia transcriptor BNPHU
100 1# - ENTRADA PRINCIPAL--NOMBRE DE PERSONA
Nombre de persona Hostos, Eugenio María de,
Fechas asociadas al nombre 1839-1903
9 (RLIN) 1352
240 10 - TÍTULO UNIFORME
Título uniforme Obras completas
245 13 - MENCIÓN DE TÍTULO
Título La tela de araña /
Mención de responsabilidad, etc. Eugenio María de Hostos ; transcripción, revisión y anotaciones por Vivian Quiles-Calderín, con la colaboración de Julio César López y Ernesto Álvarez ; prólogo por Ernesto Álvarez.
260 ## - PUBLICACIÓN, DISTRIBUCIÓN, ETC.
Lugar de publicación, distribución, etc. Río Piedras :
Nombre del editor, distribuidor, etc. Instituto de Estudios Hostosianos :
-- Instituto de Cultura Puertorriqueña :
-- Universidad de Puerto Rico,
Fecha de publicación, distribución, etc. 1997.
300 ## - DESCRIPCIÓN FÍSICA
Extensión 285 p. :
Otras características físicas il. ;
Dimensiones 24 cm.
490 0# - MENCIÓN DE SERIE
Mención de serie Obras completas (edición crítica) ; vol. 1. Literatura ;
Designación de volumen o secuencia t. 4
504 ## - NOTA DE BIBLIOGRAFÍA, ETC.
Nota de bibliografía, etc. Incluye bibliografías e índices.
600 14 - PUNTO DE ACCESO ADICIONAL DE MATERIA--NOMBRE DE PERSONA
Nombre de persona HOSTOS, EUGENIO MARÍA DE,
Numeración 1865-1878
Subdivisión general COLECCIONES DE ESCRITOS
9 (RLIN) 63316
650 24 - PUNTO DE ACCESO ADICIONAL DE MATERIA--TÉRMINO DE MATERIA
Término de materia o nombre geográfico como elemento de entrada Novela puertorriqueña
9 (RLIN) 1185
650 24 - PUNTO DE ACCESO ADICIONAL DE MATERIA--TÉRMINO DE MATERIA
Término de materia o nombre geográfico como elemento de entrada Literatura puertorriqueña
9 (RLIN) 250
700 1# - PUNTO DE ACCESO ADICIONAL--NOMBRE DE PERSONA
Nombre de persona Quiles Calderín, Vivian,
Término indicativo de función/relación ed.
9 (RLIN) 9027
700 1# - PUNTO DE ACCESO ADICIONAL--NOMBRE DE PERSONA
Nombre de persona López, Julio César,
Término indicativo de función/relación colab.
9 (RLIN) 9028
700 1# - PUNTO DE ACCESO ADICIONAL--NOMBRE DE PERSONA
Nombre de persona Álvarez, Ernesto,
Término indicativo de función/relación pról.
9 (RLIN) 63322
Holdings
Estado de retiro Estado de pérdida Restricciones de uso No para préstamo Código de colección Localización permanente Ubicación/localización actual Ubicación en estantería Fecha de adquisición Número de inventario Total de préstamos Signatura topográfica completa Código de barras Fecha visto por última vez Precio válido a partir de Tipo de ítem Koha
        Monografías: Libros y Folletos General General En catalogación 06.02.2012 LF1   v.1, t.4 36922-10 25.06.2020 25.06.2020 Préstamo en sala

Powered by Koha